000 01065 a2200241 4500
001 32394
005 20260407155622.0
008 260407a1973 arg spa d
003 AR-UNSa-BCEJYS
040 _aAR-UNSa-BCEJYS
_bspa
_cAR-UNSa-BCEJYS
080 _a658.01
_xMetodología. Teoría y práctica de la organización( teoria de la organización, análisis organizacional...)
245 1 0 _aCuestionando en administración
_pEl taylorismo, las relaciones humanas, las burocracias, el marketing
264 1 _aBuenos Aires :
_bPaidós
_c1973
300 _a211 p.
_c20 cm.
505 _a1. Taylorismo y ciencias del hombre - 2. La fabricación de hombre - 3. Las relaciones humanas :¿Progreso o mistificación? - 4. La racionalidad irracional de la burocracia - 5. Comicaciones de masas, organizaciones oligopolicas y mercados modernos.
942 _cBK
590 _aniveau_biblio:m niveau_hierar:0
100 1 _aKliksberg, Bernardo
700 1 _aFriedmann, Georges
700 1 _aCrozier, Michel
700 1 _aFraisse, Paul
700 1 _akliksberg, Naum
999 _c2271
_d2271